000
00244nam a22000977a 4500
100
_a
Shabbir, A S Syed
245
_a
Aquifer test analysis
260
_a
Jamsshoro
_b
Institute of irigation and drainage engineering
300
_a
248p
942
_c
BK
999
_c
14961
_d
14961